Estatísticas para Os 15 principais países com mortes por Covid19 - 11 de junho

Clique aqui para jogar o quiz

Estatísticas Gerais

  • Esse quiz foi jogado 3 vezes
  • A pontuação média é 14 de 20

Estatísticas das Respostas

país% Correto
Alemanha
100%
Brasil
100%
Canadá
100%
Espanha
100%
Estados Unidos
100%
França
100%
Itália
100%
Portugal
100%
Índia
67%
Irão
67%
Irlanda
67%
México
67%
Peru
67%
Reino Unido
67%
Equador
33%
Países Baixos
33%
Rússia
33%
Suécia
33%
Suíça
33%
Bélgica
0%

Distribuição das Pontuações

Percentil de Números Respondidos

Porcentagem de Pessoas com Cada Pontuação

Sua Pontuação Histórica

Você não jogou esse quiz